| 000 | 00755nam a2200193 a 4500 | ||
|---|---|---|---|
| 001 | 000041781 | ||
| 005 | 20201002035742.0 | ||
| 008 | 131017s2001 sp a 000 0 spa d | ||
| 020 | _a8400079507 | ||
| 040 |
_aDO-SdBNP _bspa _cBNPHU |
||
| 245 | 0 | 4 |
_aLos Orígenes del Español y los Grandes Textos Medievales Mio Cid, Buen Amor y Celestina / _cEditor Manuel Criado de Val. |
| 260 |
_aMadrid : _bCSIC, _c2001. |
||
| 300 |
_a295 p. : _bil. ; _c25 cm. |
||
| 490 | 1 |
_aBiblioteca de filología hispánica _v5 |
|
| 504 | _aIncluye referencias bibliográficas y notas al pie de las páginas | ||
| 700 | 1 |
_aCriado de Val, _eed. _968640 |
|
| 710 | 2 |
_aConsejo Superior de Investigaciones Científicas, _94786 |
|
| 830 | 0 |
_aBiblioteca de filología hispánica _v5 _967489 |
|
| 999 |
_c41270 _d41270 |
||